00424nam a2200193Ia 4500003000900000008004100009040001300050040001300063041000800076100001700084100000900101245004800110250000900158260002500167260000900192300001100201300001200212490000600224IT-RoPAU120407s9999 xx 000 0 und d aIT-RoPAU cIT-RoPAU aita aLuigi Macali cofm. aIl problema del dolore secondo S. Agostino. aRoma aOff. Libri Cattolici c1943 a254 p. c24,5 cm v1